Statistiques concernant Pays avec les coureurs de marathon les plus rapides

Cliquez ici pour prendre le quiz!

Statistiques générales

  • Ce quiz a été pris 4 070 fois
  • Le résultat moyen est 7 sur 12

Statistiques - réponses

#Meilleur tempspays% Correct
172:04:58États-Unis
91%
4362:01:39 Kenya
90%
1742:03:03Ethiopie
84%
162:06:21Royaume-Uni
65%
152:06:33 Afrique du Sud
53%
162:06:52Espagne
53%
922:06:11Japon
52%
122:08:01Tanzanie
52%
192:05:27Maroc
51%
122:07:22Italie
46%
152:07:27Erythrée
41%
102:07:19Mexique
40%

Distribution des résultats

Percentile par nombre de réponses

% des personnes avec chaque résultat

Votre développement - résultats

Vous n’avez pas pris ce quiz